R.Gupta's popular master mental ability test / (Record no. 159288)
[ view plain ]
| 000 -LEADER | |
|---|---|
| fixed length control field | 00706nam a22002177a 4500 |
| 005 - DATE AND TIME OF LATEST TRANSACTION | |
| control field | 20181212155147.0 |
| 008 - FIXED-LENGTH DATA ELEMENTS--GENERAL INFORMATION | |
| fixed length control field | 181212b ||||| |||| 00| 0 eng d |
| 010 ## - LCCN (DPL NO) | |
| LC control number | B-223083 |
| 020 ## - INTERNATIONAL STANDARD BOOK NUMBER | |
| International Standard Book Number | 8178122510 |
| Terms of availability | 105.00 |
| 035 ## - SYSTEM CONTROL NUMBER | |
| System control number | B-223083 |
| 037 ## - SOURCE OF ACQUISITION | |
| Source of stock number/acquisition | BPPD/PUB |
| 040 ## - CATALOGING SOURCE | |
| Original cataloging agency | DPL |
| Language of cataloging | English |
| 082 ## - DEWEY DECIMAL CLASSIFICATION NUMBER | |
| Classification number | 000 |
| 100 ## - MAIN ENTRY--PERSONAL NAME | |
| Personal name | Singh, Manoj Kumar |
| 245 ## - TITLE STATEMENT | |
| Title | R.Gupta's popular master mental ability test / |
| Statement of responsibility, etc | Manoj Kumar Singh |
| 260 ## - PUBLICATION, DISTRIBUTION, ETC. (IMPRINT) | |
| Place of publication, distribution, etc | New Delhi |
| Name of publisher, distributor, etc | Ramesh Publishing House |
| 270 ## - ADDRESS | |
| Address | 12-H, New Daryaganj Road, Opp. Traffic Kotwali |
| City | New Delhi |
| Postal code | 110002 |
| 300 ## - PHYSICAL DESCRIPTION | |
| Extent | 258 p. |
| Dimensions | 25 cm (pbk) |
| Other physical details | ill. |
| 650 ## - SUBJECT ADDED ENTRY--TOPICAL TERM | |
| Topical term or geographic name as entry element | SSC Data Entry Operator Recruitment exam |
| 942 ## - ADDED ENTRY ELEMENTS (KOHA) | |
| Source of classification or shelving scheme | Dewey Decimal Classification |
| Item type | English Books |
| Call number suffix | MAN |
| Classification part | 000 |
| Withdrawn status | Lost status | Source of classification or shelving scheme | Damaged status | Not for loan | Collection code | Home library | Current library | Date acquired | Source of acquisition | Cost, normal purchase price | Total Checkouts | Full call number | Barcode | Date last seen | Cost, replacement price | Koha item type | Total Renewals |
|---|---|---|---|---|---|---|---|---|---|---|---|---|---|---|---|---|---|
| Dewey Decimal Classification | R.C.Libraries (zls) | R.C.Libraries (zls) | 14/11/2022 | 1 | 000 MAN | B-223088 | 14/11/2022 | English Books | |||||||||
| Dewey Decimal Classification | Non-fiction | Sarojini Nagar | Sarojini Nagar | 28/03/2019 | 7 | 000 MAN | B-223070 | 25/11/2024 | English Books | 4 | |||||||
| Dewey Decimal Classification | Non-fiction | Vigyan Vihar | Vigyan Vihar | 12/12/2018 | BPPD/PUB | 105.00 | 000 MAN | B-223083 | 12/12/2018 | 105.00 | English Books |
